| 000 | 00619nam a2200217 a 4500 | ||
|---|---|---|---|
| 005 | 20210223121411.0 | ||
| 008 | 991125s1986 es 000 0 spa u | ||
| 020 | _a8427259778 | ||
| 035 | _aUPN01000017028 | ||
| 049 | _aI | ||
| 050 | 4 |
_aPZ5 _bP68 no.17 |
|
| 100 | 1 |
_aMacdonald, Fiona, _d1958- _933856 |
|
| 245 | 1 | 0 |
_aEdad media / _cFiona Macdonald ; tr. J. M. Highstone. |
| 260 |
_aBarcelona, Esp. : _bMolino, _c1986. |
||
| 300 |
_a61 p. : _bil. col. |
||
| 440 | 0 |
_aPueblos del pasado ; _v17 |
|
| 650 | 4 |
_aLITERATURA MEDIEVAL _99426 |
|
| 650 | 4 |
_aSIGLO XIII _922139 |
|
| 650 | 4 |
_aSIGLO XV _922140 |
|
| 905 | _aInfantil | ||
| 999 |
_c17028 _d17028 |
||